"Reforming planning obligations: delivering a fundamental change "- the TCPA's response (Record no. 70396)

MARC details
000 -LEADER
fixed length control field 01285cam a2200229 4500
001 - CONTROL NUMBER
control field ABS65548
008 - FIXED-LENGTH DATA ELEMENTS--GENERAL INFORMATION
fixed length control field 020530n2002 000 0 eng u
035 ## - SYSTEM CONTROL NUMBER
System control number (Sirsi) u118230
110 ## - MAIN ENTRY--CORPORATE NAME
Corporate name or jurisdiction name as entry element Town and Country Planning Association
9 (RLIN) 3022
245 ## - TITLE STATEMENT
Title "Reforming planning obligations: delivering a fundamental change "- the TCPA's response
260 ## - PUBLICATION, DISTRIBUTION, ETC.
Date of publication, distribution, etc. 2002
490 ## - SERIES STATEMENT
Series statement Town & Country Planning
Volume/sequential designation 71(4) April 2002, 105-107(3)
520 ## - SUMMARY, ETC.
Summary, etc. Sets out the TCPA's response to the consultation paper, "Reforming planning obligations: delivering a fundamental change", using the TCPA's submitted supporting text to the questionnaire. Examines the paper's proposals for raising revenue from a more comprehensive planning obligations scheme to help fund sustainable development and shows TCPA's support for widening planning obligations against the background of the TCPA's beliefs. The TCPA has argued that the increase in land value generated by the community's need for development should be taken by the community.
590 ## - LOCAL NOTE (RLIN)
Local note ABS
650 ## - SUBJECT ADDED ENTRY--TOPICAL TERM
Topical term or geographic name entry element PLANNING OBLIGATIONS
650 ## - SUBJECT ADDED ENTRY--TOPICAL TERM
Topical term or geographic name entry element PLANNING SYSTEM
650 ## - SUBJECT ADDED ENTRY--TOPICAL TERM
Topical term or geographic name entry element PLANNING REFORM
650 ## - SUBJECT ADDED ENTRY--TOPICAL TERM
Topical term or geographic name entry element LAND VALUE
650 ## - SUBJECT ADDED ENTRY--TOPICAL TERM
Topical term or geographic name entry element SUSTAINABLE DEVELOPMENT
690 ## - LOCAL SUBJECT ADDED ENTRY--TOPICAL TERM (OCLC, RLIN)
Topical term or geographic name as entry element ENVIRONMENTAL AND LAND CONSULTANCY-PLANNING AND DEVELOPMENT
942 ## - ADDED ENTRY ELEMENTS (KOHA)
Suppress in OPAC 0
Holdings
Withdrawn status Lost status Source of classification or shelving scheme Damaged status Not for loan Home library Current library Shelving location Date acquired Total Checkouts Full call number Barcode Date last seen Copy number Price effective from Koha item type
    Dewey Decimal Classification     London London Journal article 30/05/2002   ABS65548 118230-1001 06/08/2019 1 06/08/2019 Journal article